[Event "Magistral Bicentenario Independencia"]
[Site "Bogota COL"]
[Date "2010.07.10"]
[Round "1.1"]
[White "Bachmann, Axel"]
[Black "Vescovi, Giovanni"]
[Result "1/2-1/2"]
[WhiteElo "2552"]
[BlackElo "2632"]
[PlyCount "67"]
[EventDate "2010.07.10"]
[EventType "tourn"]
[EventRounds "11"]
[EventCountry "COL"]
[EventCategory "12"]
[Source "lmi"]
[SourceDate "2010.07.10"]

1. e4 c5 2. Nf3 d6 3. Nc3 Nf6 4. d4 cxd4 5. Nxd4 a6 6. h3 e5 7. Nde2 b5 8. g4
Bb7 9. Bg2 Nbd7 10. g5 Ng8 11. Ng3 Ne7 12. h4 Qc7 13. a3 Nb6 14. Qd3 Rc8 15. h5
d5 16. exd5 Rd8 17. O-O Nexd5 18. Nxd5 Nxd5 19. Qe4 Be7 20. Nf5 O-O 21. Re1
Rfe8 22. g6 Bf8 23. gxh7+ Kh8 24. Bg5 Rb8 25. Qg4 Qb6 26. Rad1 Nf6 27. Bxf6
Qxf6 28. Bxb7 Rxb7 29. c3 Rbb8 30. Rd3 Rbd8 31. Rf3 Qe6 32. Rg3 Rd5 33. Re4 Qf6
34. Rf3 1/2-1/2

[Event "Magistral Bicentenario Independencia"]
[Site "Bogota COL"]
[Date "2010.07.10"]
[Round "1.2"]
[White "Becerra Rivero, Julio"]
[Black "Romero Holmes, Alfonso"]
[Result "1/2-1/2"]
[WhiteElo "2557"]
[BlackElo "2518"]
[PlyCount "101"]
[EventDate "2010.07.10"]
[EventType "tourn"]
[EventRounds "11"]
[EventCountry "COL"]
[EventCategory "12"]
[Source "lmi"]
[SourceDate "2010.07.10"]

1. e4 c5 2. Nf3 d6 3. d4 cxd4 4. Nxd4 Nf6 5. Nc3 Nc6 6. Bg5 Qa5 7. Bb5 Bd7 8.
Nb3 Qd8 9. f4 a6 10. Bd3 e6 11. Qe2 h6 12. Bh4 g5 13. fxg5 Nh7 14. O-O hxg5 15.
Bg3 Ne5 16. Qh5 Qe7 17. Na5 Bg7 18. Nxb7 Nf8 19. Qd1 Ra7 20. Na5 Nfg6 21. Be2
Nf4 22. Qd2 Rc7 23. Rad1 Qd8 24. Nb3 Rxc3 25. bxc3 Nxe2+ 26. Qxe2 Bb5 27. Rd3
Nxd3 28. cxd3 Bxc3 29. Rc1 Bg7 30. Qe3 O-O 31. d4 f5 32. exf5 exf5 33. Qe6+ Kh7
34. Qxd6 f4 35. Qxd8 Rxd8 36. Bf2 g4 37. Rc7 Kg6 38. a4 Bxa4 39. Nc5 g3 40.
hxg3 fxg3 41. Rxg7+ Kxg7 42. Ne6+ Kf6 43. Nxd8 gxf2+ 44. Kxf2 Ke7 45. Nb7 Bc6
46. Nc5 a5 47. g3 a4 48. Nd3 a3 49. Nb4 Be4 50. Ke3 Bb1 51. Kd2 1/2-1/2

[Event "Magistral Bicentenario Independencia"]
[Site "Bogota COL"]
[Date "2010.07.10"]
[Round "1.4"]
[White "Barrientos, Sergio E"]
[Black "Arenas, David"]
[Result "0-1"]
[WhiteElo "2477"]
[BlackElo "2364"]
[PlyCount "48"]
[EventDate "2010.07.10"]
[EventType "tourn"]
[EventRounds "11"]
[EventCountry "COL"]
[EventCategory "12"]
[Source "lmi"]
[SourceDate "2010.07.10"]

1. e4 c5 2. Nf3 d6 3. d4 Nf6 4. Nc3 cxd4 5. Nxd4 g6 6. Bc4 Bg7 7. O-O O-O 8.
Re1 Nc6 9. Nb3 a6 10. Bg5 b5 11. Bf1 Bb7 12. a4 b4 13. Nd5 Nd7 14. Qc1 Rc8 15.
a5 Re8 16. Ra4 Nce5 17. Rxb4 Bxd5 18. exd5 Nc5 19. Qd2 Nxb3 20. Rxb3 Rc5 21.
Ra3 Qc7 22. Rc1 Nc4 23. Bxc4 Bxb2 24. Bb3 Bxa3 0-1

[Event "Magistral Bicentenario Independencia"]
[Site "Bogota COL"]
[Date "2010.07.10"]
[Round "1.5"]
[White "Flores, Diego"]
[Black "Escobar Forero, Alder"]
[Result "1/2-1/2"]
[WhiteElo "2584"]
[BlackElo "2474"]
[PlyCount "38"]
[EventDate "2010.07.10"]
[EventType "tourn"]
[EventRounds "11"]
[EventCountry "COL"]
[EventCategory "12"]
[Source "lmi"]
[SourceDate "2010.07.10"]

1. d4 d5 2. c4 c6 3. Nf3 Nf6 4. Nc3 a6 5. Bg5 e6 6. e3 Nbd7 7. cxd5 cxd5 8. Bd3
Be7 9. O-O O-O 10. Rc1 b5 11. Ne5 Bb7 12. f4 Re8 13. f5 b4 14. Na4 Rc8 15. Qb3
exf5 16. Bxf5 Nxe5 17. dxe5 Ne4 18. Bxe7 Qxe7 19. Bxe4 dxe4 1/2-1/2

[Event "Magistral Bicentenario Independencia"]
[Site "Bogota COL"]
[Date "2010.07.11"]
[Round "2.1"]
[White "Arenas, David"]
[Black "Flores, Diego"]
[Result "0-1"]
[WhiteElo "2364"]
[BlackElo "2584"]
[PlyCount "74"]
[EventDate "2010.07.10"]
[EventType "tourn"]
[EventRounds "11"]
[EventCountry "COL"]
[EventCategory "12"]
[Source "lmi"]
[SourceDate "2010.07.10"]

1. e4 c6 2. d4 d5 3. e5 Bf5 4. Nf3 e6 5. Be2 Nd7 6. O-O Bg6 7. Be3 Nh6 8. Nbd2
Be7 9. Bxh6 gxh6 10. c4 O-O 11. Re1 dxc4 12. Bxc4 Nb6 13. Bb3 c5 14. dxc5 Bxc5
15. Ne4 Bb4 16. Nfd2 Nd7 17. a3 Be7 18. f4 Qb6+ 19. Kh1 Rfd8 20. Nc4 Qc6 21.
Ned6 Nc5 22. Rc1 Nd3 23. Qd2 Bxd6 24. Nxd6 Qb6 25. Re3 Qxb3 26. Rf1 Rxd6 27.
exd6 Qd5 28. f5 Bxf5 29. Rxf5 Qxf5 30. Qxd3 Qxd3 31. Rxd3 Rd8 32. g4 e5 33. Kg2
f6 34. Kf3 Kf7 35. Rc3 Ke6 36. Rc7 Rd7 37. Ke4 Rxc7 0-1

[Event "Magistral Bicentenario Independencia"]
[Site "Bogota COL"]
[Date "2010.07.11"]
[Round "2.2"]
[White "Cordova, Emilio"]
[Black "Barrientos, Sergio E"]
[Result "0-1"]
[WhiteElo "2560"]
[BlackElo "2477"]
[PlyCount "140"]
[EventDate "2010.07.10"]
[EventType "tourn"]
[EventRounds "11"]
[EventCountry "COL"]
[EventCategory "12"]
[Source "lmi"]
[SourceDate "2010.07.10"]

1. d4 Nf6 2. Nf3 e6 3. g3 c5 4. Bg2 cxd4 5. Nxd4 d5 6. c4 e5 7. Nc2 d4 8. O-O
Nc6 9. Bg5 Be7 10. b4 O-O 11. b5 Na5 12. Bxf6 Bxf6 13. Bd5 e4 14. Nd2 d3 15.
exd3 exd3 16. Ne3 Bxa1 17. Qxa1 a6 18. Rb1 axb5 19. Rxb5 Nc6 20. Be4 Be6 21.
Rxb7 Qd4 22. Qxd4 Nxd4 23. Rb2 Rab8 24. Nb3 Rfd8 25. Kf1 Nxb3 26. Rxb3 d2 27.
Bc2 d1=Q+ 28. Bxd1 Rxd1+ 29. Nxd1 Bxc4+ 30. Kg2 Bxb3 31. axb3 Rxb3 32. h4 h5
33. Ne3 f6 34. Nd5 Kf7 35. Nf4 g6 36. Kf1 Rb2 37. Kg2 Rb4 38. Kf3 Ra4 39. Ke3
Kg7 40. Kf3 Kh6 41. Nd5 Kg7 42. Nf4 Ra5 43. Ke4 Re5+ 44. Kf3 Kh6 45. Ng2 g5 46.
hxg5+ fxg5 47. Ne3 Kg6 48. Kg2 Kf6 49. Nc4 Re4 50. Nd2 Ra4 51. Nf3 Kf5 52. Nd2
Rd4 53. Nf3 Rd5 54. Kf1 Ra5 55. Nd2 Ra3 56. Kg2 Rc3 57. Nf3 Rd3 58. Ne1 Rd5 59.
Kf3 Rb5 60. Ng2 Rb3+ 61. Ne3+ Ke5 62. Ke2 Ke4 63. Nc4 Kd4 64. Nd6 Rb6 65. Nf7
g4 66. Ng5 Rb2+ 67. Kf1 Ke5 68. Nf7+ Ke4 69. Kg2 Rd2 70. Nh6 Rd7 0-1

[Event "Magistral Bicentenario Independencia"]
[Site "Bogota COL"]
[Date "2010.07.11"]
[Round "2.3"]
[White "Romero Holmes, Alfonso"]
[Black "Zambrana, Oswaldo"]
[Result "0-1"]
[WhiteElo "2518"]
[BlackElo "2515"]
[PlyCount "84"]
[EventDate "2010.07.10"]
[EventType "tourn"]
[EventRounds "11"]
[EventCountry "COL"]
[EventCategory "12"]
[Source "lmi"]
[SourceDate "2010.07.10"]

1. d4 d5 2. Bf4 Nf6 3. e3 e6 4. Nd2 c5 5. c3 Nc6 6. Bd3 Bd6 7. Bxd6 Qxd6 8. f4
Bd7 9. a3 O-O 10. Ngf3 cxd4 11. cxd4 Ne7 12. Ne5 Qb6 13. Qb3 Qd6 14. g4 Bc6 15.
Qb4 Qd8 16. Rc1 a5 17. Qb3 Nd7 18. Nxc6 bxc6 19. Qc2 Kh8 20. Nf3 f5 21. Rg1 Qe8
22. Qg2 Qg6 23. Qf2 Qf6 24. gxf5 exf5 25. Rg5 Rab8 26. Qd2 Rb3 27. Rc3 Rb6 28.
b3 Qd6 29. Qc1 Rfb8 30. Bc2 Qe6 31. Kf2 h6 32. Rg3 Nf6 33. Ne5 Ne4+ 34. Bxe4
dxe4 35. Kg2 Rxb3 36. Rxb3 Rxb3 37. Kh1 Kh7 38. Qc5 a4 39. Nxc6 Rb1+ 40. Kg2
Rb2+ 41. Kh1 Nxc6 42. d5 Qd7 0-1

[Event "Magistral Bicentenario Independencia"]
[Site "Bogota COL"]
[Date "2010.07.11"]
[Round "2.4"]
[White "Vescovi, Giovanni"]
[Black "Becerra Rivero, Julio"]
[Result "1-0"]
[WhiteElo "2632"]
[BlackElo "2557"]
[PlyCount "99"]
[EventDate "2010.07.10"]
[EventType "tourn"]
[EventRounds "11"]
[EventCountry "COL"]
[EventCategory "12"]
[Source "lmi"]
[SourceDate "2010.07.10"]

1. e4 e5 2. Nf3 Nc6 3. Bb5 a6 4. Ba4 Nf6 5. O-O Be7 6. Re1 b5 7. Bb3 d6 8. c3
O-O 9. h3 Nb8 10. d4 Nbd7 11. Nbd2 Bb7 12. Bc2 Re8 13. Nf1 Bf8 14. Ng3 g6 15.
b3 c6 16. Bg5 h6 17. Be3 Bg7 18. Qd2 Kh7 19. Rad1 Qe7 20. Nh2 a5 21. f4 c5 22.
Nf3 Red8 23. Qf2 cxd4 24. cxd4 Rac8 25. Bb1 b4 26. Qf1 Ra8 27. Nd2 exd4 28.
Bxd4 Nh5 29. Bxg7 Nxg3 30. Qf2 Kxg7 31. Qxg3 Nf6 32. Qf2 Ba6 33. Nf3 Nh5 34. f5
g5 35. Nd4 Bb7 36. f6+ Qxf6 37. Nf5+ Kh8 38. Rxd6 Rxd6 39. e5 Rd2 40. Qxd2 Qb6+
41. Kh2 Rd8 42. Nd6 Kg7 43. Rf1 Nf4 44. g3 Ba6 45. Rf2 Ne2 46. Rxe2 Bxe2 47.
Qxe2 Rd7 48. Qf3 Qc5 49. Qf6+ Kg8 50. Be4 1-0

[Event "Magistral Bicentenario Independencia"]
[Site "Bogota COL"]
[Date "2010.07.12"]
[Round "3.2"]
[White "Zambrana, Oswaldo"]
[Black "Vescovi, Giovanni"]
[Result "1/2-1/2"]
[WhiteElo "2515"]
[BlackElo "2632"]
[PlyCount "72"]
[EventDate "2010.07.10"]
[EventType "tourn"]
[EventRounds "11"]
[EventCountry "COL"]
[EventCategory "12"]
[Source "lmi"]
[SourceDate "2010.07.10"]

1. e4 c5 2. Nf3 d6 3. d4 cxd4 4. Nxd4 Nf6 5. Nc3 a6 6. Bg5 e6 7. f4 Qb6 8. Qd2
Qxb2 9. Nb3 Qa3 10. Bxf6 gxf6 11. Be2 Nc6 12. O-O Bd7 13. Bh5 Bg7 14. Rf3 O-O
15. Raf1 Rac8 16. Rg3 Kh8 17. Rff3 Ne7 18. f5 d5 19. Rxg7 Kxg7 20. Rg3+ Ng6 21.
fxg6 hxg6 22. exd5 Qd6 23. Be2 f5 24. dxe6 Qxd2 25. Nxd2 Bxe6 26. a4 Rfd8 27.
Ndb1 Bc4 28. Kf2 b5 29. axb5 axb5 30. Bxc4 Rxc4 31. Rd3 Rh8 32. Nd2 Rc5 33. Nb3
Rc4 34. Nd2 Rc5 35. Nb3 Rc4 36. Nd2 Rc5 1/2-1/2

[Event "Magistral Bicentenario Independencia"]
[Site "Bogota COL"]
[Date "2010.07.12"]
[Round "3.3"]
[White "Barrientos, Sergio E"]
[Black "Romero Holmes, Alfonso"]
[Result "1/2-1/2"]
[WhiteElo "2477"]
[BlackElo "2518"]
[PlyCount "78"]
[EventDate "2010.07.10"]
[EventType "tourn"]
[EventRounds "11"]
[EventCountry "COL"]
[EventCategory "12"]
[Source "lmi"]
[SourceDate "2010.07.10"]

1. e4 c5 2. Nf3 d6 3. d4 cxd4 4. Nxd4 Nf6 5. Nc3 g6 6. g3 Nc6 7. Nde2 b6 8. Bg2
Bb7 9. O-O Bg7 10. Nd5 Nd7 11. c3 O-O 12. Re1 Rc8 13. Nd4 Re8 14. Nxc6 Bxc6 15.
Bg5 h6 16. Be3 Ne5 17. Bd4 Ba8 18. b3 e6 19. Ne3 Qe7 20. f4 Nd7 21. Bxg7 Kxg7
22. Nc4 Rc6 23. e5 dxe5 24. fxe5 Rc5 25. Bxa8 Rxa8 26. Qf3 Rd8 27. Qb7 Rxc4 28.
bxc4 Qc5+ 29. Kg2 Nxe5 30. Re2 Rd7 31. Qe4 Nxc4 32. a4 Rd5 33. Rf1 Nd2 34.
Rxf7+ Kxf7 35. Qxe6+ Kg7 36. Rf2 Rf5 37. Qd7+ Kg8 38. Qe6+ Kg7 39. Qd7+ Kg8
1/2-1/2

[Event "Magistral Bicentenario Independencia"]
[Site "Bogota COL"]
[Date "2010.07.12"]
[Round "3.5"]
[White "Escobar Forero, Alder"]
[Black "Arenas, David"]
[Result "1-0"]
[WhiteElo "2474"]
[BlackElo "2364"]
[PlyCount "61"]
[EventDate "2010.07.10"]
[EventType "tourn"]
[EventRounds "11"]
[EventCountry "COL"]
[EventCategory "12"]
[Source "lmi"]
[SourceDate "2010.07.10"]

1. d4 Nf6 2. Bg5 e6 3. Nf3 h6 4. Bh4 c5 5. e3 b6 6. c4 Bb7 7. Nc3 cxd4 8. Nxd4
d6 9. Be2 Bxg2 10. Rg1 Bb7 11. Bf3 Bxf3 12. Qxf3 Nbd7 13. Bxf6 gxf6 14. Qh5 f5
15. Nxe6 Nf6 16. Nxd8 Nxh5 17. Nc6 Nf6 18. Nd5 Nxd5 19. cxd5 Be7 20. b4 Bf6 21.
Rc1 Kd7 22. Rc4 Be5 23. Ke2 a6 24. Rh4 h5 25. Nxe5+ dxe5 26. Rg5 Kd6 27. Rxf5
Kxd5 28. Rf6 b5 29. Kd3 e4+ 30. Rxe4 Rac8 31. Ref4 1-0

[Event "Magistral Bicentenario Independencia"]
[Site "Bogota COL"]
[Date "2010.07.13"]
[Round "4.1"]
[White "Cordova, Emilio"]
[Black "Escobar Forero, Alder"]
[Result "0-1"]
[WhiteElo "2560"]
[BlackElo "2474"]
[PlyCount "130"]
[EventDate "2010.07.10"]
[EventType "tourn"]
[EventRounds "11"]
[EventCountry "COL"]
[EventCategory "12"]
[Source "lmi"]
[SourceDate "2010.07.10"]

1. d4 Nf6 2. Bg5 e6 3. e4 h6 4. Bxf6 Qxf6 5. Nc3 d6 6. Qd2 c6 7. f4 e5 8. dxe5
dxe5 9. f5 Bb4 10. Nf3 Nd7 11. a3 Ba5 12. g4 Qe7 13. Bc4 b5 14. Ba2 Nf6 15. Qd3
Bb7 16. O-O-O Rd8 17. Qe3 Bb6 18. Rxd8+ Kxd8 19. Qe1 Kc8 20. h3 Rd8 21. g5 hxg5
22. Nxg5 Nd5 23. h4 Be3+ 24. Kb1 Bxg5 25. exd5 Bf4 26. Qe4 Qc5 27. Rd1 a5 28.
f6 g6 29. Qf3 b4 30. Ne4 Qe3 31. Qxe3 Bxe3 32. d6 c5 33. Ng5 Bxg5 34. hxg5 Rd7
35. Rf1 Ba6 36. Re1 c4 37. Rxe5 Rxd6 38. Kc1 bxa3 39. bxa3 a4 40. Kb2 Rd4 41.
Re7 Rg4 42. Rxf7 Rg3 43. Ra7 c3+ 44. Ka1 Rg1+ 45. Bb1 Bb7 46. Rxa4 Bd5 47. Ra5
Be6 48. a4 Kd7 49. Rc5 Rg3 50. a5 Kd6 51. Rb5 Bc4 52. f7 Bxf7 53. Ba2 Be8 54.
Rd5+ Kc6 55. Rd8 Rg1+ 56. Bb1 Bd7 57. Ra8 Kb7 58. Rf8 Rxg5 59. Rf7 Kc8 60. Ba2
Rg1+ 61. Bb1 Bf5 62. Rf8+ Kb7 63. Ka2 Be6+ 64. Ka1 Rg5 65. a6+ Ka7 0-1

[Event "Magistral Bicentenario Independencia"]
[Site "Bogota COL"]
[Date "2010.07.13"]
[Round "4.2"]
[White "Romero Holmes, Alfonso"]
[Black "Flores, Diego"]
[Result "0-1"]
[WhiteElo "2518"]
[BlackElo "2584"]
[PlyCount "126"]
[EventDate "2010.07.10"]
[EventType "tourn"]
[EventRounds "11"]
[EventCountry "COL"]
[EventCategory "12"]
[Source "lmi"]
[SourceDate "2010.07.10"]

1. e4 c5 2. Nf3 e6 3. d4 cxd4 4. Nxd4 a6 5. g3 Nf6 6. Bg2 Qc7 7. O-O Be7 8. Nd2
O-O 9. Qe2 d6 10. a4 Nc6 11. Nxc6 bxc6 12. e5 dxe5 13. Nc4 Nd7 14. Rd1 f5 15.
Bd2 e4 16. f3 Nf6 17. fxe4 Nxe4 18. Bxe4 fxe4 19. Qxe4 e5 20. Qxe5 Qxe5 21.
Nxe5 Bc5+ 22. Kh1 Bb7 23. Bf4 Bd4 24. Kg2 Rae8 25. Re1 c5+ 26. Kh3 g5 27. c3
Bf2 28. Bxg5 Bxe1 29. Rxe1 Rf2 30. g4 h5 31. Bh4 hxg4+ 32. Kxg4 Rxb2 33. Bg3
Ra2 34. Rf1 Rxa4+ 35. Kg5 Re4 36. Ng4 Rf8 37. Nf6+ Kh8 38. Bd6 Rf7 39. Nxe4
Rxf1 40. Nxc5 Bc8 41. Na4 Kg7 42. Nb6 Be6 43. c4 Rf5+ 44. Kh4 Kg6 45. Kg3 Rf1
46. c5 Kf5 47. Kg2 Rc1 48. Kf3 a5 49. Ke3 Bb3 50. Kd2 Rc2+ 51. Kd3 Ke6 52. Na8
Kd7 53. Nb6+ Kc6 54. Nc8 Rf2 55. Na7+ Kd5 56. Kc3 Rf3+ 57. Kb2 Bc4 58. Nc8 Kd4
59. Ne7 a4 60. c6 a3+ 61. Bxa3 Rb3+ 62. Kc2 Rxa3 63. c7 Rc3+ 0-1

[Event "Magistral Bicentenario Independencia"]
[Site "Bogota COL"]
[Date "2010.07.13"]
[Round "4.5"]
[White "Bachmann, Axel"]
[Black "Becerra Rivero, Julio"]
[Result "1-0"]
[WhiteElo "2552"]
[BlackElo "2557"]
[PlyCount "109"]
[EventDate "2010.07.10"]
[EventType "tourn"]
[EventRounds "11"]
[EventCountry "COL"]
[EventCategory "12"]
[Source "lmi"]
[SourceDate "2010.07.10"]

1. c4 g6 2. Nc3 Bg7 3. g3 Nf6 4. Bg2 O-O 5. e3 c6 6. e4 e5 7. Nge2 d6 8. O-O
Nbd7 9. h3 a6 10. d3 b5 11. Be3 Bb7 12. b4 Re8 13. Qb3 Qe7 14. a4 bxc4 15. dxc4
a5 16. b5 c5 17. Rfd1 Nb6 18. Ra2 Qe6 19. Nd5 Nfxd5 20. cxd5 Qe7 21. Nc1 f5 22.
exf5 e4 23. fxg6 c4 24. gxh7+ Kh8 25. Qa3 Nxd5 26. Rad2 Nc3 27. Ne2 Nxd1 28.
Nf4 Kxh7 29. Rxd1 Qf7 30. h4 d5 31. Qc5 c3 32. Bh3 Rac8 33. Bxc8 Rxc8 34. Qb6
Kg8 35. Ne6 Bf6 36. Rc1 Ba8 37. Nd4 Bg7 38. Qxa5 Bxd4 39. Bxd4 e3 40. f4 c2 41.
Qb6 Kh7 42. Qd6 Re8 43. Kf1 Re6 44. Qb8 Re8 45. Qa7 Bb7 46. Rxc2 Qd7 47. Ke1
Kg8 48. Be5 Ra8 49. Qxe3 Rxa4 50. Bd4 Ra8 51. Re2 Qh3 52. Qe6+ Qxe6 53. Rxe6
Ra4 54. Re7 Ba8 55. b6 1-0

[Event "Magistral Bicentenario Independencia"]
[Site "Bogota COL"]
[Date "2010.07.14"]
[Round "5.1"]
[White "Zambrana, Oswaldo"]
[Black "Bachmann, Axel"]
[Result "0-1"]
[WhiteElo "2515"]
[BlackElo "2552"]
[PlyCount "76"]
[EventDate "2010.07.10"]
[EventType "tourn"]
[EventRounds "11"]
[EventCountry "COL"]
[EventCategory "12"]
[Source "lmi"]
[SourceDate "2010.07.10"]

1. e4 e5 2. Nf3 Nc6 3. Bc4 Bc5 4. c3 Nf6 5. d3 a6 6. O-O Ba7 7. Bb3 O-O 8. Nbd2
d6 9. Nc4 b5 10. Ne3 h6 11. Nh4 Ne7 12. Qf3 Kh7 13. Nhf5 Nxf5 14. Nxf5 Be6 15.
Kh1 Ng8 16. g4 g6 17. Rg1 Bb6 18. Qh3 g5 19. Qh5 Qf6 20. h4 Qg6 21. hxg5 Bxf5
22. exf5 Qxh5+ 23. gxh5 hxg5 24. Rxg5 Rad8 25. Kg2 d5 26. Bd2 f6 27. Rg6 Ne7
28. Rg1 Nxg6 29. fxg6+ Kg7 30. Kf3 Rh8 31. Kg4 f5+ 32. Kg5 Rd6 33. Bd1 c6 34.
Rg2 Rf6 35. Kh4 f4 36. Kg4 Rhf8 37. f3 Rf5 38. Be1 Bd8 0-1

[Event "Magistral Bicentenario Independencia"]
[Site "Bogota COL"]
[Date "2010.07.14"]
[Round "5.3"]
[White "Flores, Diego"]
[Black "Vescovi, Giovanni"]
[Result "1/2-1/2"]
[WhiteElo "2584"]
[BlackElo "2632"]
[PlyCount "47"]
[EventDate "2010.07.10"]
[EventType "tourn"]
[EventRounds "11"]
[EventCountry "COL"]
[EventCategory "12"]
[Source "lmi"]
[SourceDate "2010.07.10"]

1. c4 Nf6 2. Nc3 g6 3. d4 Bg7 4. Bg5 O-O 5. Nf3 d6 6. e3 c5 7. Be2 h6 8. Bh4
cxd4 9. Nxd4 Nc6 10. O-O Bd7 11. Rc1 Rc8 12. Qd2 a6 13. Rfd1 Ne8 14. Nb3 Be6
15. Nd5 g5 16. Bg3 Nf6 17. f3 Nh5 18. Bf2 f5 19. c5 Nf6 20. Nxf6+ Bxf6 21. cxd6
exd6 22. Bc4 Bxc4 23. Rxc4 Qe7 24. e4 1/2-1/2

[Event "Magistral Bicentenario Independencia"]
[Site "Bogota COL"]
[Date "2010.07.14"]
[Round "5.4"]
[White "Escobar Forero, Alder"]
[Black "Romero Holmes, Alfonso"]
[Result "0-1"]
[WhiteElo "2474"]
[BlackElo "2518"]
[PlyCount "82"]
[EventDate "2010.07.10"]
[EventType "tourn"]
[EventRounds "11"]
[EventCountry "COL"]
[EventCategory "12"]
[Source "lmi"]
[SourceDate "2010.07.10"]

1. e4 c6 2. d4 d5 3. Nc3 dxe4 4. Nxe4 Nf6 5. Ng5 Bf5 6. Bc4 e6 7. Ne2 h6 8. Nf3
Be4 9. Bf4 Bxf3 10. gxf3 Bd6 11. Bg3 Qe7 12. Qd2 Nbd7 13. O-O-O h5 14. h4 O-O-O
15. Qa5 Kb8 16. Nc3 Nd5 17. Rhe1 Nxc3 18. Qxc3 Nb6 19. Bb3 Qf6 20. Qc5 Bf4+ 21.
Kb1 Kc8 22. a4 Bb8 23. a5 Nd7 24. Qc3 a6 25. Ba4 Bxg3 26. fxg3 Nb8 27. Rd3 Rd6
28. Re5 Nd7 29. Qb4 Rxd4 30. Qxd4 Nxe5 31. Rc3 Nd7 32. Qa7 Qe5 33. Bxc6 bxc6
34. Qxa6+ Kd8 35. Qxc6 Ke7 36. a6 Qd6 37. Qa4 Nc5 38. Qb5 Nxa6 39. Qb7+ Kf6 40.
Rc6 Qd1+ 41. Ka2 Qd5+ 0-1

[Event "Magistral Bicentenario Independencia"]
[Site "Bogota COL"]
[Date "2010.07.14"]
[Round "5.5"]
[White "Arenas, David"]
[Black "Cordova, Emilio"]
[Result "0-1"]
[WhiteElo "2364"]
[BlackElo "2560"]
[PlyCount "142"]
[EventDate "2010.07.10"]
[EventType "tourn"]
[EventRounds "11"]
[EventCountry "COL"]
[EventCategory "12"]
[Source "lmi"]
[SourceDate "2010.07.10"]

1. e4 e6 2. d4 d5 3. Nc3 Nf6 4. Bg5 dxe4 5. Nxe4 Nbd7 6. Nf3 h6 7. Nxf6+ Nxf6
8. Bh4 Be7 9. Bc4 c5 10. Qe2 Qa5+ 11. c3 a6 12. d5 Qb6 13. dxe6 Bxe6 14. Bxe6
Qxe6 15. Qxe6 fxe6 16. O-O-O g5 17. Bg3 a5 18. Rhe1 Ra6 19. Be5 Rf8 20. Bxf6
Rxf6 21. Re2 b5 22. Nd2 a4 23. Ne4 Rf4 24. f3 g4 25. fxg4 Rxg4 26. Rf1 Rg6 27.
Kc2 Ra7 28. Rd1 Ra6 29. Rd3 h5 30. Rg3 Rxg3 31. Nxg3 h4 32. Ne4 Ra7 33. Nd2 Kd7
34. Nf3 Ra8 35. Ne5+ Kd6 36. Kd3 Rf8 37. Ke4 Bg5 38. Nf3 Rf4+ 39. Ke3 Bh6 40.
Kf2 Bg7 41. g3 hxg3+ 42. hxg3 Rf8 43. Re3 a3 44. b3 c4 45. b4 Kd5 46. g4 Rf4
47. g5 Rg4 48. Kf1 Re4 49. Kf2 Rxe3 50. Kxe3 Bxc3 51. g6 Kd6 52. Ng5 Bg7 53.
Ne4+ Kd5 54. Ng5 Bh6 55. Ke2 e5 56. Nf3 Ke6 57. Ne1 Kf6 58. Kd1 Kxg6 59. Nc2
Kf5 60. Nxa3 Bf8 61. Nxb5 Bxb4 62. a3 Bc5 63. a4 Ke4 64. Kc2 Bb4 65. Nc3+ Kf3
66. Nd5 Ba5 67. Ne7 e4 68. Nc6 e3 69. Ne5+ Ke4 70. Nxc4 e2 71. Nd2+ Kf4 0-1

[Event "Magistral Bicentenario Independencia"]
[Site "Bogota COL"]
[Date "2010.07.15"]
[Round "6.1"]
[White "Romero Holmes, Alfonso"]
[Black "Arenas, David"]
[Result "0-1"]
[WhiteElo "2518"]
[BlackElo "2364"]
[PlyCount "76"]
[EventDate "2010.07.10"]
[EventType "tourn"]
[EventRounds "11"]
[EventCountry "COL"]
[EventCategory "12"]
[Source "lmi"]
[SourceDate "2010.07.10"]

1. e4 c5 2. Ne2 d6 3. c3 Nf6 4. Ng3 h5 5. Bb5+ Nbd7 6. Qe2 a6 7. Ba4 b5 8. Bc2
h4 9. Nf1 h3 10. g3 Ne5 11. Ne3 Bb7 12. d4 cxd4 13. cxd4 Nc6 14. Qd1 Nb4 15.
Nc3 Nxc2+ 16. Qxc2 e6 17. f3 Be7 18. O-O Rc8 19. Qd3 d5 20. e5 Nd7 21. f4 g6
22. Ncd1 Qb6 23. Nf2 Nb8 24. b3 b4 25. Bb2 a5 26. Rfc1 Nc6 27. Rc2 Ba6 28. Qd2
Kd7 29. Rac1 Qb5 30. Qd1 a4 31. bxa4 Qxa4 32. Ne4 dxe4 33. d5 Bd3 34. dxc6+ Kc7
35. Nc4 Bc5+ 36. Kh1 e3 37. Qf3 Bxc2 38. Nd6 e2 0-1

[Event "Magistral Bicentenario Independencia"]
[Site "Bogota COL"]
[Date "2010.07.15"]
[Round "6.2"]
[White "Vescovi, Giovanni"]
[Black "Escobar Forero, Alder"]
[Result "1/2-1/2"]
[WhiteElo "2632"]
[BlackElo "2474"]
[PlyCount "92"]
[EventDate "2010.07.10"]
[EventType "tourn"]
[EventRounds "11"]
[EventCountry "COL"]
[EventCategory "12"]
[Source "lmi"]
[SourceDate "2010.07.10"]

1. e4 c5 2. Nf3 Nc6 3. d4 cxd4 4. Nxd4 e5 5. Nb5 a6 6. Nd6+ Bxd6 7. Qxd6 Qf6 8.
Qd1 Qg6 9. Nc3 d5 10. Nxd5 Qxe4+ 11. Be3 Nd4 12. Nc7+ Ke7 13. Qd3 Nxc2+ 14. Kd2
Qxd3+ 15. Bxd3 Nxe3 16. Nxa8 Nd5 17. Rhc1 Ngf6 18. Nc7 Nb4 19. Rc4 Nc6 20. Nxa6
Be6 21. Nb4 Bxc4 22. Nxc6+ bxc6 23. Bxc4 Rd8+ 24. Kc2 Rd4 25. b3 Rf4 26. f3 e4
27. Re1 Kd6 28. fxe4 Nxe4 29. g3 Rf2+ 30. Re2 f5 31. Rxf2 Nxf2 32. Be2 g6 33.
Bf3 h5 34. h4 Kc5 35. Kc3 Ng4 36. b4+ Kd6 37. Kd4 Ne5 38. Be2 Nd7 39. Ke3 c5
40. bxc5+ Nxc5 41. Bb5 Ke5 42. a4 Kf6 43. a5 g5 44. Be8 f4+ 45. gxf4 gxh4 46.
Bxh5 h3 1/2-1/2

[Event "Magistral Bicentenario Independencia"]
[Site "Bogota COL"]
[Date "2010.07.15"]
[Round "6.4"]
[White "Bachmann, Axel"]
[Black "Barrientos, Sergio E"]
[Result "1-0"]
[WhiteElo "2552"]
[BlackElo "2477"]
[PlyCount "81"]
[EventDate "2010.07.10"]
[EventType "tourn"]
[EventRounds "11"]
[EventCountry "COL"]
[EventCategory "12"]
[Source "lmi"]
[SourceDate "2010.07.10"]

1. c4 e6 2. Nf3 Nf6 3. g3 d5 4. Bg2 dxc4 5. Qa4+ Nbd7 6. O-O a6 7. Qxc4 b5 8.
Qc2 Bb7 9. b3 Be7 10. Bb2 O-O 11. d3 c5 12. a3 Rc8 13. Nbd2 Qb6 14. Rac1 Rfe8
15. e4 Nb8 16. e5 Nfd7 17. Rfe1 Bd5 18. Nh4 Bxh4 19. gxh4 Nc6 20. Qd1 Nd4 21.
Qg4 f5 22. Qg3 Qb7 23. b4 f4 24. Bxd5 Qxd5 25. Qxf4 Nf5 26. Ne4 cxb4 27. axb4
Qb3 28. Rb1 Rc2 29. Ba1 Qd5 30. Qg4 Kh8 31. Rbc1 Rec8 32. Rxc2 Rxc2 33. Nd6 Nh6
34. Qh5 Nf8 35. Qd1 Ra2 36. Bc3 Ng6 37. Re4 Ne7 38. Rd4 Qc6 39. Bd2 Nhf5 40.
Nxf5 exf5 41. Rd8+ 1-0